Statistics for Firefly - Name the Characters

Click here to take the quiz!

General Stats

  • This quiz has been taken 38 times
  • The average score is 11 of 15

Answer Stats

HintAnswer% Correct
Pilot of the Ship, married to the first mate and loves playing with his toy dinosaursHoban Washburne
97%
Loves his guns, Named one Vera, tried to betray the doctor and his sister on ArielJayne Cobb
94%
Psychic sister of aboveRiver Tam
94%
Captain of the ShipMalcolm Reynolds
92%
Name of the shipSerenity
92%
Runaway Doctor hiding from the alliance after breaking his sister out of a government facilitySimon Tam
92%
Talented mechanic of the shipKaylee Frye
89%
First mate of the ship - married to above and was in the war with the CaptainZoë Washburne
89%
Companion of the crew also called ambassador by someInara Serra
81%
Race of people driven mad on Miranda - known for raping, killing and eating their victimsReavers
81%
Married to the captain of the ship following a drunken celebration partySaffron
72%
You cannot hide the signal, Married to a robot, killed with a sword how weird is thatMr Universe
47%
Woman who shot the captain during their last transaction ... and was planning to shoot him againPatience
42%
Religious member of the group with crazy grey hair - He was never married so is not a grandpaShepherd Book
42%
Assassin sent to capture the doctors sister, He didn't officially exist; he gave up his name and he did not hold an official rank in the Alliance.The Operative
33%

Score Distribution

Percentile by Number Answered

Percent of People with Each Score

Your Score History

You have not taken this quiz